Mwana waamai / (Record no. 5111)
[ view plain ]
| 000 -LEADER | |
|---|---|
| fixed length control field | 00706cam a22002657a 4500 |
| 001 - CONTROL NUMBER | |
| control field | 14851822 |
| 003 - CONTROL NUMBER IDENTIFIER | |
| control field | GZU |
| 005 - DATE AND TIME OF LATEST TRANSACTION | |
| control field | 20210329115450.0 |
| 008 - FIXED-LENGTH DATA ELEMENTS--GENERAL INFORMATION | |
| fixed length control field | 070516s2006 rh 000 0 sna |
| 010 ## - LIBRARY OF CONGRESS CONTROL NUMBER | |
| LC control number | 2007380535 |
| 020 ## - INTERNATIONAL STANDARD BOOK NUMBER | |
| International Standard Book Number | 1779033311 |
| 040 ## - CATALOGING SOURCE | |
| Original cataloging agency | DLC |
| Transcribing agency | DLC |
| 041 0# - LANGUAGE CODE | |
| Language code of text/sound track or separate title | sna |
| Language code of summary or abstract | eng |
| 042 ## - AUTHENTICATION CODE | |
| Authentication code | lcode |
| 050 00 - LIBRARY OF CONGRESS CALL NUMBER | |
| Classification number | PL8681.9 |
| 100 1# - MAIN ENTRY--PERSONAL NAME | |
| Personal name | Mujajati, George. |
| 245 10 - TITLE STATEMENT | |
| Title | Mwana waamai / |
| Statement of responsibility, etc. | G. Mujajati. |
| 260 ## - PUBLICATION, DISTRIBUTION, ETC. | |
| Place of publication, distribution, etc. | Harare : |
| Name of publisher, distributor, etc. | Longman Zimbabwe, |
| Date of publication, distribution, etc. | 2006. |
| 300 ## - PHYSICAL DESCRIPTION | |
| Extent | 102 p. ; |
| Dimensions | 21 cm. |
| 520 ## - SUMMARY, ETC. | |
| Summary, etc. | A novel. |
| 546 ## - LANGUAGE NOTE | |
| Language note | In Shona, with summary in English. |
| 906 ## - LOCAL DATA ELEMENT F, LDF (RLIN) | |
| a | 7 |
| b | cbc |
| c | origode |
| d | 4 |
| e | ncip |
| f | 20 |
| g | y-gencatlg |
| 942 ## - ADDED ENTRY ELEMENTS (KOHA) | |
| Source of classification or shelving scheme | Library of Congress Classification |
| Koha item type | Books |
| Classification part | 8681 |
| Item part | MUJ |
| Call number prefix | PL |
| Call number suffix | 2006 |
| Withdrawn status | Lost status | Damaged status | Not for loan | Collection code | Home library | Current library | Shelving location | Date acquired | Total Checkouts | Full call number | Barcode | Date last seen | Copy number | Price effective from | Koha item type |
|---|---|---|---|---|---|---|---|---|---|---|---|---|---|---|---|
| Fiction | City Campus Library | City Campus Library | General Stacks | 03/29/2021 | PL8681.9 MUJ 2006 | 003016 | 03/29/2021 | c.1 | 03/29/2021 | Books | |||||
| Fiction | City Campus Library | City Campus Library | General Stacks | 03/29/2021 | PL8681.9 MUJ 2006 | 003019 | 03/29/2021 | c.2 | 03/29/2021 | Books | |||||
| Fiction | City Campus Library | City Campus Library | General Stacks | 03/29/2021 | PL8681.9 MUJ 2006 | 003017 | 03/29/2021 | c.3 | 03/29/2021 | Books | |||||
| Fiction | City Campus Library | City Campus Library | General Stacks | 04/21/2021 | PL8681.9 MUJ 2006 | 003021 | 04/21/2021 | c.4 | 04/21/2021 | Books |